| 000 | 00648nam a22001577a 4500 | ||
|---|---|---|---|
| 003 | OSt | ||
| 005 | 20160324152207.0 | ||
| 008 | 160324b xxu||||| |||| 00| 0 eng d | ||
| 040 | _cRUA | ||
| 082 | _aATM SAN 2004 B473 Or.1 | ||
| 100 |
_98197 _aSAN MON, សន ម៉ុន |
||
| 245 | _aសកម្មភាពការអភិវឌ្ឍន៍សហគមន៍របស់អង្គការអុកស្វាម សហគមន៍ជំនួយបរទេសនៅស្រុកសៀមបូក ខេត្តស្ទឹងត្រែង | ||
| 260 |
_aPhnom Penh _bRUA _c2004 |
||
| 300 |
_aiv; 15p. _bill. _c29cm. |
||
| 942 |
_2ddc _cATM |
||
| 999 |
_c7815 _d7815 |
||